Fotografické svedectvo Tibora Szabóa

Bibliographic Details
Main Author: Lajcha, Ladislav, 1932-2018 (Author)
Format: Article
Language:Slovak
PhysicalDescription:Obr. 1.
Subjects:

MARC

LEADER 00000nab a2200000 a 4500
001 vtls000119483
003 SK-MaSNL
005 20260303165030.0
008 111104c1982 xo 0 slo
015 |a SNBRB19rr/mm-uuuuu 
035 |a CL0129588 
040 |a SNKBUCL  |b slo  |c SNKBUCL  |e AACR2 
041 0 |a slo 
044 |a xo  |c SK 
080 |a 77  |2 1981 
100 1 |a Lajcha, Ladislav,  |d 1932-2018  |4 aut  |9 15109 
245 1 0 |a Fotografické svedectvo Tibora Szabóa  |c Ladislav Lajcha 
300 |b Obr. 1. 
650 0 7 |a Szabó, Tibor  |2 snkbucl  |9 1190973 
655 7 |a články z novín a časopisov  |2 snkbucl  |9 267496 
773 0 |t Slovensko  |g Roč. 6, č. 6 (1982), s. 14 
850 |a Slovenská národná knižnica v Martine  |a MTA001 
852 |a SNK  |b KIS3GCP 
958 |a RK 
992 |a RBX 
999 |c 2069421  |d 2071351